| 000 | 00911nam a2200277 a 4500 | ||
|---|---|---|---|
| 001 | C01400194c-2 | ||
| 003 | CO-ViMGA | ||
| 005 | 20230915225024.0 | ||
| 008 | 130618s2013 mx a gr 000 0dspa d | ||
| 020 | _z9786077075783 | ||
| 040 |
_aCO-ViMGA _bspa _cCO-ViMGA |
||
| 041 | 0 | _aspa | |
| 082 | 0 | 4 |
_a658.314 _bC78p _221 |
| 100 | 1 |
_aCruelles, José Agustín, _d1974-. _947675 |
|
| 245 | 1 | 0 |
_aProductividad e incentivos : _bcómo hacer que los tiempos de fabricación se cumplan / _cJosé Agustín Cruelles. |
| 260 |
_aMéxico : _bAlfaomega, _c2013. |
||
| 300 |
_a202 p. : _bil. ; _c23 cm. |
||
| 490 | 0 | _aProductividad industrial | |
| 504 | _aIncluye bibliografía. | ||
| 650 | 1 | 4 |
_aPsicología industrial. _947676 |
| 650 | 1 | 4 | _aAdministración de personal. |
| 650 | 1 | 4 |
_aIncentivos en la industria. _947678 |
| 650 | 1 | 4 |
_aMotivación del empleador. _947679 |
| 942 |
_2ddc _cBK |
||
| 949 |
_an _bn |
||
| 999 |
_c12024 _d12024 |
||